| 000 | 00667nam a22001937a 4500 | ||
|---|---|---|---|
| 005 | 20180417122634.0 | ||
| 010 | _aENG-122641 | ||
| 020 |
_c995.00 _a9789352800384 |
||
| 035 | _aEN-106173 | ||
| 037 | _bDBAD/PUB | ||
| 082 | _a302.231 | ||
| 100 | _aCheney-Lippold,John | ||
| 245 |
_aWe are data : _cby John Cheney-Lippold _bAlgorithms and the making of our digital selves / |
||
| 260 |
_c2018 _aNew Delhi _bSage Publications India Ltd. |
||
| 270 |
_aB1/1-1 Mohan Cooperative Industrial Area,Mathura Road, _bNew Delhi _e110044 _mwww.sagepub.in |
||
| 300 |
_c22cm(Hb) _a315P. _bill. |
||
| 500 | _aIt includes index | ||
| 942 |
_cEN _2ddc _mLIP _h302.231 |
||
| 999 |
_c151299 _d151299 |
||